00933nac a22002531u 4500010001600000020003300016020002200049082001500071090001500086100003400101245009200135260005700227300003500284500002600319504005100345511002600396650003500422650003000457650003300487700002400520942001700544999001500561952010300576 a 93027158 a1557863725 (acid-free paper) a1557863733 (pbk.)00a372.6bBRI c9594d9594 a20080729 00aBridges to literacy :bchildren, families, and schools /cedited by David K. Dickinson. aOxford, UK ;aCambridge, MA :bBlackwell,1994c1994. axiii, 297 p. :bill. ;c24 cm. adistributer: Al-Ahram aIncludes bibliographical references and index. acatalogued by: wessam 0aReadingxParent participation. 0aFamily literacy programs. 0aChildrenxBooks and reading.1 aDickinson, David K. cBBk372.6BRI c9594d9594 00104070aMAINbMAINc1STd2008-05-22ePurchasel0o372.6BRIp000011630r2025-07-15 00:00:00yBB